000 00341nam a22001457a 4500
003 OSt
005 20220216163230.0
008 220216b |||||||| |||| 00| 0 eng d
020 _a0750652292
040 _cH U
082 _a629.89
100 _aIbrahim Dogan
_930728
245 _aPIC Basic Programming And Projects
942 _2ddc
_cBOOKS
_n0
999 _c30652
_d30652